Statistiques concernant Aorte - Branches collatérales et terminales

Cliquez ici pour prendre le quiz!

Statistiques générales

  • Ce quiz a été pris 12 fois
    (7 depuis la dernière actualisation)
  • Le résultat moyen est 15 sur 24

Statistiques - réponses

Réponsehint% Correct
carotide Dissu du 1
83%
carotide G
83%
coronaire
83%
iliaqueterminale (3)
83%
mesenterique inf
83%
mesenterique sup
83%
renale
83%
brachio céphalique(1)
67%
coeliaque(2)
67%
gastriquecompose le 2
67%
hepatiquecompose le 2
67%
iliaque interneissu du (3)
67%
intercostale
67%
oesophagienne
67%
spleniquecompose le 2
67%
subclaviere Dissu du 1
67%
gonadique
50%
lombale
50%
sacrale medianeterminale accessoire
50%
subclaviere G
50%
phrenique inf (diaphragmatique inf)
33%
thyroidienne moyenne (Neubauer)accessoire
33%
tracheo-oesophagienne
33%
iliaque iexterneissu de (3)
0%

Distribution des résultats

Percentile par nombre de réponses

% des personnes avec chaque résultat

Votre développement - résultats

Vous n’avez pas pris ce quiz depuis la dernière actualisation